| 000 | 00481nmm a2200169Ia 4500 | ||
|---|---|---|---|
| 008 | 251105s9999||||xx |||||||||||||||||und|| | ||
| 020 | _a9788416339419 | ||
| 041 | _aspa | ||
| 100 | _aNyrz, Nicole | ||
| 245 | 0 |
_aNo hay Dios : _b Saga mundo 1 |
|
| 264 |
_a[Madrid, España] : _bLantia, _c[Fecha de publicación no identificada] |
||
| 300 | _a0 páginas | ||
| 490 | _aCaligrama | ||
| 650 | _aBiography | ||
| 856 | _uhttps://public.digitaliapublishing.com/a/119844 | ||
| 942 | _cCF | ||
| 999 |
_c77557 _d77557 |
||